000 00313nam a22001337a 4500
008 171019b xxu||||| |||| 00| 0 eng d
020 _a0787900435
041 _aeng
080 _a338
100 _a53
101 _aMEN
245 _aPRODUCING USEFUL KNOWLEDGE FOR ORGANIZATIONS
_cKILMANN,R,H
942 _2udc
_cBK
999 _c35008
_d35008